| 000 | 00689nam a2200193Ia 4500 | ||
|---|---|---|---|
| 003 | LDD | ||
| 008 | 190117s9999 xx 000 0 und d | ||
| 020 |
_a8170165407 _c₹225 |
||
| 040 | _cLDD | ||
| 041 | _ahi | ||
| 082 | _a8H4.7 इ112 | ||
| 100 | _aप्रभाकर, श्रोत्रिय | ||
| 245 | 0 |
_aइक्कीसवीं सदी का भविष्य _cश्रोत्रिय प्रभाकर |
|
| 260 |
_aनयी दिल्ली _bकिताबघर प्रकाशन _c2008 |
||
| 300 | _a216पृ. | ||
| 901 | _aKGP | ||
| 904 | _aReqst by : J.M. Parekh | ||
| 942 |
_2ddc _cH |
||
| 999 |
_c163843 _d163843 |
||